000 03492cam a22012854i 4500
003 PE-LiUPU
005 20250813185417.0
008 180528s2013 ck a rb 000 0 spa d
020 _a9789586488266
035 _a(Sirsi) a242121
040 _aPE-LiUPU
_bspa
_cPE-LiUPU
_erda
049 _aPRUA
082 0 4 _a371.3
_bT64
_220
100 1 _aTobón, Sergio,
_eautor.
245 1 0 _aFormación integral y competencias :
_bpensamiento complejo, currículo, didáctica y evaluación /
_cSergio Tobón.
250 _aCuarta edición.
264 1 _aBogotá :
_bEco Ediciones,
_c2013.
300 _axvii, 370 páginas :
_bilustraciones ;
_c24 centímetros.
336 _atext
_2rdacontent
337 _aunmediated
_2rdamedia
338 _avolume
_2rdacarrier
490 0 _aEducación y Pedagogía.
504 _aBibliografía : páginas 353-370.
505 0 _aFormación humana integral y competencias: el enfoque socioformativo -- Desarrollo histórico del concepto de competencias -- El concepto de competencias. Una perspectiva socioformativa -- Orientaciones generales para el diseño socioformativo del currículo -- Proyectos formativos: metodología general -- Diez acciones esenciales en las competencias articulando la metacognición -- Competencias fundamentales de los docentes y directivos -- De la evaluación a la valoración de las competencias.
526 _aP202
526 _aP201
526 _aP163
526 _aP162
526 _aP161
526 _aP160
526 _aP148
526 _aP147
526 _aP146
526 _aP145
526 _aP144
526 _aP143
526 _aP142
526 _aP141
526 _aP140
526 _aP139
526 _aP138
526 _aP137
526 _aP136
526 _aP135
526 _aP134
526 _aP133
526 _aP129
526 _aP128
526 _aP127
526 _aP120
526 _aP119
526 _aP118
526 _aP116
526 _aP115
526 _aP114
526 _aP110
526 _aP109
526 _aP108
526 _aP104
526 _aP103
526 _aP102
526 _aP99
526 _aP98
526 _aP97
526 _aP96
526 _aP95
526 _aP93
526 _aP90
526 _aP89
526 _aP88
526 _aP83
526 _aP82
526 _aP62
526 _aP59
526 _aP58
526 _aP57
526 _aP51
526 _aP49
526 _aP48
526 _aP47
526 _aP29
526 _aP24
526 _aP20
526 _aP19
526 _aP17
526 _aP15
526 _aP14
526 _aP12
526 _aP10
526 _aP09
526 _aP08
526 _aP07
526 _aP06
526 _aP05
526 _aP04
526 _aP01
541 _g002-00000056;
650 0 4 _aCompetencias educativas.
650 0 4 _aCurrículo.
_9398
650 0 4 _aPedagogía.
650 0 4 _aEducational competences.
650 0 4 _aCurriculum.
650 0 4 _aPedagogy.
910 _adbm
_bncf
_cncf
_d20180528
942 _2ddc
_cBOOK
994 _aC0
_bPEPRU
598 _aCATALOGING
596 _a1
999 _a371.3 T64
_wDEWEY
_c27625
_i78638
_d27625
_f2021-11-8
_g4
_lCCODEBUL1
_mBUL
_p30.58
_q1
_r0
_sY
_tBOOK
_u2018-5-28
_xEDUCACION
_PP69
_0COMPRA
_1FCOMPRA
_o.STAFF. Colección Ciencias de la Salud
980 _81
_gALBERTO SANCHEZ Responsable de Automatización